000 00937cam a2200205 4500
001 X120789
008 021216n2002 000 0 eng u
035 _a(Sirsi) u120789
245 _aUnited Kingdom Renders Association Ltd and John Pointon and Sons Ltd v Sols Environment Transport and the Regions
260 _c2002
490 _aJournal of Planning and Environment Law
_v[2002] JPL 1524-1533(9)
520 _aCA 23 May 2002. Whether Sos esceeded his powers in advising the imposition of a qualified odour boundary condition in the generality of cases. On appeal, held that SoS had not exceeded his powers. (Taken from headnote)
650 _aENVIRONMENT PROTECTION ACT 1990
650 _aUNITED KINGDOM RENDERERS ASSOCIATION LTD AND ANOTHER V SOS ENVIRONMENT, TRANSPORT AND THE REGIONS
650 _aAIR POLLUTION
650 _aEnvironment
_96238
650 _aRENDERING
690 _aENVIRONMENT-CASE LAW
942 _n0
999 _c71775
_d71775